00678nam a2200157 a 450000100100000000500170001000800410002704000250006811001510009324500500024426000750029430000200036904900090038995201050039899900170050300003041920200930062313.0110517s1998 dr 000 | spa d aDO-SdBNPbspacBNPHU1 aRepública Dominicana.bPresidencia de la República.bSecretaría de Estado de Finanzas.bAdministración General de Bienes Nacionales95704813aLa administración de los bienes del Estado. aSanto Domingo :bAdministración General de Bienes Nacionales,c1998. a12 p. ;c21 cm. aBNPD 0010718PDaPDbPDcCTd2011-05-17iLF1l0o p30419-10r2020-06-25w2020-06-25yLFPDZNo se presta c29911d29911